Statistics for Movie Title Initials #1

Click here to take the quiz!

General Stats

  • This quiz has been taken 34,709 times
    (21,445 since last reset)
  • The average score is 11 of 20

Answer Stats

InitialsActorTitle% Correct
FGTom HanksForrest Gump
93%
M:ITom CruiseMission: Impossible
90%
TLOTR: TROTKIan McKellenThe Lord of the Rings: The Return of the King
83%
TSOTLAnthony HopkinsThe Silence of the Lambs
77%
2F2FEva Mendes2 Fast 2 Furious
74%
WOTWTom CruiseWar of the Worlds
71%
TG, TB, ATUClint EastwoodThe Good, the Bad and the Ugly
69%
PFUma ThurmanPulp Fiction
66%
ABKevin SpaceyAmerican Beauty
56%
BTTFChristopher LloydBack to the Future
55%
OFOTCNJack NicholsonOne Flew Over the Cuckoo's Nest
54%
VFVNatalie PortmanV for Vendetta
51%
TCCOBBBrad PittThe Curious Case of Benjamin Button
45%
KUSeth RoganKnocked Up
42%
TN: TBORBWill FerrellTalladega Nights: The Ballad of Ricky Bobby
37%
SPRMatt DamonSaving Private Ryan
32%
DULeonardo DiCaprioDjango Unchained
31%
BCATSKPaul NewmanButch Cassidy and the Sundance Kid
30%
CT, HDMichelle YeohCrouching Tiger, Hidden Dragon
29%
IJATLCSean ConneryIndiana Jones and the Last Crusade
24%

Score Distribution

Percentile by Number Answered

Percent of People with Each Score

Your Score History

You have not taken this quiz since the last reset